Algebraic projective geometry /
Guardado en:
| Autor Principal: | |
|---|---|
| Otros Autores: | |
| Formato: | Libro |
| Idioma: | English |
| Publicado: |
Oxford :
Clarendon Press,
1952.
|
| Materias: | |
| Etiquetas: |
Agregar Etiqueta
Sin Etiquetas, Sea el primero en etiquetar este registro!
|
| LEADER | 00632cam a22001935a 4500 | ||
|---|---|---|---|
| 001 | MAT.inmabb005528 | ||
| 008 | 750506s1952####enka##########000#0#eng## | ||
| 005 | 20150701165028.0 | ||
| 245 | 1 | 0 | |a Algebraic projective geometry / |c by J. G. Semple and G. T. Kneebone. |
| 260 | |a Oxford : |b Clarendon Press, |c 1952. | ||
| 300 | |a vi, 404 p. : |b il. ; |c 23 cm. | ||
| 510 | 4 | |a MR, |c 14,197a | |
| 100 | 1 | |a Semple, J. G. |q (John Greenlees), |d 1904- | |
| 700 | 1 | |a Kneebone, G. T. | |
| 650 | 0 | |a Geometry, Projective. | |
| 084 | |a 14-01 (51-01) |2 msc2000 | ||
| 010 | |a 52011726 | ||
| 040 | |a DLC |c GAT |d OCoLC |d Uk |d DLC | ||
| 859 | |h 14 |i Se473a |p A-2204 |b BIB. MATEMATICA | ||
